Scientifiques ayant donné leur nom à une loi ou à un théorème - Statistiques

Statistiques générales
  • Ce quiz a été pris 722 fois
  • Le résultat moyen est 4 sur 11
Statistiques - réponses
Description de la loi Réponse % Correct
"Tout corps plongé dans un fluide au repos subit une force verticale opposée au poids du volume de fluide déplacé" Poussée d'Archimède
90%
Les trois lois fondamentales du mouvement en mécanique classique Lois de Newton
84%
Lie intensité et tension au sein d'une résistance électrique Loi d'Ohm
63%
Décrit le mouvement des planètes autour du Soleil Lois de Kepler
54%
Décrivent le comportement de la lumière à l'interface de deux milieux Lois de Descartes (ou Snell-Descartes)
34%
En statistique, distribution discrète de probabilité correspondant à un lancer de pièce Loi de Bernouilli
30%
Postulats de base de l'électromagnétisme Lois de Maxwell
29%
Décrit le principe de conduction thermique Loi de Fourier
12%
Exprime la conservation de l'énergie et de la charge dans un circuit électrique Lois de Kirchhoff
9%
Décrit l'écoulement laminaire d'un fluide dans un conduit Loi de Poiseuille
7%
Dans le cadre des lois de la thermodynamique, relie pression et température d'un gaz dans deux états différents Loi de Gay-Lussac
4%
Aucun quiz correspondant
Distribution des résultats
% des personnes avec chaque résultat
Percentile par nombre de réponses
Votre historique - résultats
Vous n’avez pas pris ce quiz